|
|
|
|
| LEADER |
00000ntmaa2200000 a 4500 |
| 001 |
vtls011567805 |
| 003 |
SK-MaSNL |
| 005 |
20260301183348.0 |
| 008 |
230802s1839 xx a || 000ns lat |
| 035 |
|
|
|a urn:nbn:sk:snk-tm00chhw
|
| 035 |
|
|
|a urn:nbn:sk:snk-tm3n2sv
|
| 035 |
|
|
|a A1DDD71B-7AAF-4557-AC88-B2F799F37E31
|
| 040 |
|
|
|a SNKLA
|b slo
|c SNKLA
|e AACR2
|
| 041 |
0 |
|
|a lat
|
| 044 |
|
|
|a xx
|
| 072 |
|
7 |
|a 27-78
|x Kresťanské združenia, spolky a organizácie. Rehoľné rády
|2 konspekt
|
| 080 |
|
|
|a 53
|2 2011
|
| 080 |
|
|
|a (042.3)
|2 2011
|
| 080 |
|
|
|a 025.171
|2 2011
|
| 080 |
|
|
|a 2-11
|2 2011
|
| 245 |
1 |
0 |
|a Physica
|c Gervasius Fukna
|
| 260 |
|
|
|a [Miesto vzniku nie je známe]
|c 1839
|
| 300 |
|
|
|a 164 nečíslovaných strán
|b rukopis, grafické znázornenia
|c 27 cm
|
| 500 |
|
|
|a Dvojhárky a trojhárky označené Phys. § 1-2, 4-7, 9-21
|
| 520 |
2 |
|
|a Prednášky z fyziky na františkánskom filozofickom štúdiu zapísané poslucháčom Gervázom Fuknom
|
| 555 |
0 |
|
|a Inventár rukopisov Archívu literatúry a umenia Matice slovenskej. Rukopisy historických knižníc na Slovensku I. Martin : Matica slovenská 1992
|
| 610 |
2 |
7 |
|a Františkáni (Slovensko)
|b Provincia neznáma
|2 SNKLA
|9 349222
|
| 650 |
0 |
7 |
|a fyzika
|2 SNKPH
|9 816
|
| 650 |
0 |
7 |
|a teologické školy
|2 SNKPH
|9 81400
|
| 655 |
|
7 |
|a prednášky
|2 SNKPH
|9 70554
|
| 655 |
|
7 |
|a rukopisy
|2 SNKPH
|9 70548
|
| 700 |
1 |
|
|a Fukna, Gerváz
|4 trc
|9 558534
|
| 852 |
|
|
|a Slovenská národná knižnica
|b Literárny archív
|
| 958 |
|
|
|a ZH
|
| 958 |
|
|
|a LAVD
|
| 999 |
|
|
|c 856707
|d 858637
|
| 952 |
|
|
|a SNKLA
|b SNKLA
|c SNKLA_DEP
|y NEVYP
|7 0
|p 17A1191406
|o snkRHKS 996
|0 0
|1 0
|4 0
|d 2016-07-18
|f 1
|l 0
|r 2026-02-24 04:59:50
|w 2026-02-24
|